000 00685nam a22002297a 4500
003 OSt
005 20220107122720.0
008 130817b xxu||||| |||| 00| 0 eng d
020 _a9789812436566
040 _cIIITM-K
082 _a658.4092 WAR/I
100 _aWard, Jane Cranwell
_91735
245 _aInspiring leadership:
_bStaying afloat in turbulent times
_cby Jane Cranwell Ward, Andrea Bacon, Rosie Machie
260 _aSingapore,
_bThomson Asia,
_c2003.
300 _axxv, 438p.
650 _aMANAGEMENT
_91736
650 _aPERSONNEL MANAGEMENT
_91737
650 _aLEADERSHIP
_91738
700 _aBacon, Andrea
_91739
700 _aMackie, Rosie
_91740
942 _2ddc
_cBK
999 _c3218
_d3218